Распыление жидкости при импульсном воздействии сжатым воздухом; Известия Томского политехнического университета [Известия ТПУ]; Т. 322, № 2 : Математика и механика. Физика

Detalhes bibliográficos
Parent link:Известия Томского политехнического университета [Известия ТПУ]/ Томский политехнический университет (ТПУ).— , 2000-
Т. 322, № 2 : Математика и механика. Физика.— 2013.— [С. 167-171]
Outros Autores: Коровина Н. В. Наталья Владимировна, Кудряшова О. Б. Ольга Борисовна, Ворожцов Б. И. Борис Иванович, Шрагер Э. Р. Эрнст Рафаилович
Resumo:Заглавие с титульного листа
Электронная версия печатной публикации
Предложена физико-математическая модель импульсного распылителя, работающего от источника сжатого газа. Показана роль кавитации в процессе распыления. Приведен ряд результатов параметрических исследований модели, устанавливающих зависимости дисперсности аэрозоля, угла распыла и массового расхода жидкости от безразмерных параметров, характеризующих геометрические свойства распылителя. Физико-математическая модель позволяет подбирать характеристики распылителя с целью получения аэрозольных сред с заранее заданными параметрами.
Idioma:russo
Publicado em: 2013
Colecção:Математика и механика. Физика
Assuntos:
Acesso em linha:http://earchive.tpu.ru/bitstream/11683/4694/1/bulletin_tpu-2013-322-2-39.pdf
Formato: MixedMaterials Recurso Electrónico Capítulo de Livro
KOHA link:https://koha.lib.tpu.ru/cgi-bin/koha/opac-detail.pl?biblionumber=235884

MARC

LEADER 00000nla2a2200000 4500
001 235884
005 20231031204449.0
035 |a (RuTPU)RU\TPU\book\257027 
035 |a RU\TPU\book\257021 
090 |a 235884 
100 |a 20130417d2013 k y0rusy50 ca 
101 0 |a rus 
102 |a RU 
135 |a drnn ---uucaa 
181 0 |a i  
182 0 |a b 
200 1 |a Распыление жидкости при импульсном воздействии сжатым воздухом  |b Электронный ресурс  |f Н. В. Коровина [и др.] 
203 |a Текст  |c электронный 
215 |a 1 файл (438 Кб) 
225 1 |a Математика и механика. Физика 
230 |a Электронные текстовые данные (1 файл : 438 Кб) 
300 |a Заглавие с титульного листа 
300 |a Электронная версия печатной публикации 
320 |a [Библиогр.: с. 171 (9 назв.)] 
330 |a Предложена физико-математическая модель импульсного распылителя, работающего от источника сжатого газа. Показана роль кавитации в процессе распыления. Приведен ряд результатов параметрических исследований модели, устанавливающих зависимости дисперсности аэрозоля, угла распыла и массового расхода жидкости от безразмерных параметров, характеризующих геометрические свойства распылителя. Физико-математическая модель позволяет подбирать характеристики распылителя с целью получения аэрозольных сред с заранее заданными параметрами. 
337 |a Adobe Reader 
461 1 |0 (RuTPU)RU\TPU\book\176237  |t Известия Томского политехнического университета [Известия ТПУ]  |f Томский политехнический университет (ТПУ)  |d 2000- 
463 1 |0 (RuTPU)RU\TPU\book\256813  |x 1684-8519  |t Т. 322, № 2 : Математика и механика. Физика  |v [С. 167-171]  |d 2013  |p 206 с. 
610 1 |a аэрозоли 
610 1 |a дисперсность 
610 1 |a импульсное воздействие 
610 1 |a кавитация 
610 1 |a барботирование 
610 1 |a электронный ресурс 
701 1 |a Коровина  |b Н. В.  |g Наталья Владимировна 
701 1 |a Кудряшова  |b О. Б.  |g Ольга Борисовна 
701 1 |a Ворожцов  |b Б. И.  |g Борис Иванович 
701 1 |a Шрагер  |b Э. Р.  |g Эрнст Рафаилович 
801 1 |a RU  |b 63413507  |c 20090623  |g PSBO 
801 2 |a RU  |b 63413507  |c 20220126  |g PSBO 
856 4 |u http://earchive.tpu.ru/bitstream/11683/4694/1/bulletin_tpu-2013-322-2-39.pdf 
942 |c CF